<?xml version="1.0" encoding="UTF-8"?><?xml-stylesheet type="text/xsl" href="static/style.xsl"?><OAI-PMH xmlns="http://www.openarchives.org/OAI/2.0/" xmlns:xsi="http://www.w3.org/2001/XMLSchema-instance" xsi:schemaLocation="http://www.openarchives.org/OAI/2.0/ http://www.openarchives.org/OAI/2.0/OAI-PMH.xsd"><responseDate>2026-06-01T06:20:21Z</responseDate><request verb="GetRecord" identifier="oai:riuma.uma.es:10630/25070" metadataPrefix="marc">https://riuma.uma.es/rest/oai/request</request><GetRecord><record><header><identifier>oai:riuma.uma.es:10630/25070</identifier><datestamp>2026-02-03T12:32:54Z</datestamp><setSpec>com_10630_2254</setSpec><setSpec>col_10630_37959</setSpec></header><metadata><record xmlns="http://www.loc.gov/MARC21/slim" xmlns:dcterms="http://purl.org/dc/terms/" xmlns:doc="http://www.lyncode.com/xoai" xmlns:xsi="http://www.w3.org/2001/XMLSchema-instance" xsi:schemaLocation="http://www.loc.gov/MARC21/slim http://www.loc.gov/standards/marcxml/schema/MARC21slim.xsd">
   <leader>00925njm 22002777a 4500</leader>
   <datafield ind2=" " ind1=" " tag="042">
      <subfield code="a">dc</subfield>
   </datafield>
   <datafield ind2=" " ind1=" " tag="720">
      <subfield code="a">Cabello-González, Rosario</subfield>
      <subfield code="e">author</subfield>
   </datafield>
   <datafield ind2=" " ind1=" " tag="720">
      <subfield code="a">Fernández-Berrocal, Pablo</subfield>
      <subfield code="e">author</subfield>
   </datafield>
   <datafield ind2=" " ind1=" " tag="260">
      <subfield code="c">2022-08-31</subfield>
   </datafield>
   <datafield ind2=" " ind1=" " tag="520">
      <subfield code="a">The INTEMO+ program is a Socio-Emotional Learning (SEL) Intervention designed by the Emotion Lab of University of Malaga to develop and improve adolescent psychosocial functioning. INTEMO+ has been designed based on Mayer and Salovey's ability model: (1) accurate perception, appraisal, and expression of emotions; (2) awareness of feelings and ability to generate emotions to facilitate thought; (3) understanding of emotions, including the ability to label them with a rich emotional vocabulary; and (4) regulation of emotions to promote emotional and intellectual growth. &#xd;
INTEMO+ consists of 12 sessions distributed in four phases, corresponding to the four branches of the theoretical model of Mayer and Salovey (1997. In addition, the INTEMO+ program includes two more cross-cutting sessions. Specifically, the development of an "Emotional Newspaper" and a "Film Script," which try to exercise most of the EI abilities.&#xd;
The complexity of the INTEMO+ activities change every year and adapts to students’ maturation, which allows the gradual introduction of more complex emotional contents, skills, and situations every academic year. &#xd;
The empirical results show that when students have received an adequate EI education and well-implemented programs such as INTEMO+, they can have higher quality and well-being in socio-family and academic life.</subfield>
   </datafield>
   <datafield ind1="8" ind2=" " tag="024">
      <subfield code="a">https://hdl.handle.net/10630/25070</subfield>
   </datafield>
   <datafield tag="653" ind2=" " ind1=" ">
      <subfield code="a">Adolescentes - Psicología</subfield>
   </datafield>
   <datafield ind2="0" ind1="0" tag="245">
      <subfield code="a">INTEMO+ program: A Socio-Emotional Learning Intervention to improve adolescent psychosocial functioning</subfield>
   </datafield>
</record>
</metadata></record></GetRecord></OAI-PMH>